Lego The Hobbit Characters - Statistics

General Stats
  • This quiz has been taken 57 times
  • The average score is 24 of 32
Answer Stats
Picture Answer % Correct
Bilbo Baggins
100%
Gandalf
100%
Gollum
94%
Thorin
94%
Legolas
91%
Smaug
84%
Azog
81%
Fili
81%
Galadriel
81%
Kili
81%
Radagast
81%
Balin
78%
Bombur
78%
Elrond
78%
Bard
75%
Beorn
75%
Bofur
75%
Dwalin
75%
Gloin
75%
Thranduil
75%
Bifur
72%
Nori
72%
Ori
72%
Tauriel
72%
Oin
69%
Dori
66%
Goblin King
63%
Dain Ironfoot
59%
Necromancer
56%
Witch-King
53%
Bain
47%
Master of Lake-town
38%
No matching quizzes found
Score Distribution
Percent of People with Each Score
Percentile by Number Answered
Your Score History
You have not taken this quiz